| 000 | 00448nam a2200157 4500 | ||
|---|---|---|---|
| 001 | 143840 | ||
| 003 | ES-MaACL | ||
| 005 | 20230906200904.0 | ||
| 007 | t| | ||
| 008 | 070214s1970 sp r ||||1| spa d | ||
| 100 | 1 |
_aSforzini, Paolo. _9105971 |
|
| 245 | 1 | 3 |
_aLa sexualidad y la vida / _cPablo Sforzini. |
| 260 |
_aBarcelona : _bDe Vecchi, _c1970 ( _fPublicaciones Reunidas) |
||
| 300 |
_a426 p. ; _c22 cm. |
||
| 852 |
_aES-MaACL _jC-44607 _bR.74064 |
||
| 999 |
_c143840 _d143840 |
||